University Home | Library Home | Institutional Repository

Europe since 1780. (Record no. 171177)

MARC details
000 -LEADER
fixed length control field 00582cam3a220021700 4500
001 - CONTROL NUMBER
control field zam00002893
008 - FIXED-LENGTH DATA ELEMENTS--GENERAL INFORMATION
fixed length control field 951128s1973 xx eng u
035 ## - SYSTEM CONTROL NUMBER
System control number (Sirsi) r20230
035 ## - SYSTEM CONTROL NUMBER
System control number (MACHINE)SLC.
100 ## - MAIN ENTRY--PERSONAL NAME
Personal name Joll, J.
Linkage A81502.1
245 10 - TITLE STATEMENT
Title Europe since 1780.
260 ## - PUBLICATION, DISTRIBUTION, ETC.
Date of publication, distribution, etc. 1973.
591 ## -
-- Class code: H 320.
591 ## -
-- Course: History of Europe from 1789.
591 ## -
-- School: S05.
591 ## -
-- Lecturer: Dr. CHONDOKA, Y.A.
591 ## -
-- Number of Students: 88.
949 ## - LOCAL PROCESSING INFORMATION (OCLC)
a D424
w lcc
m MAIN
p 2500
t BOOK
l ON-SHELF
909 ## -
-- Book

No items available.

© 2026 - The University of Zambia Library - Koha v25.11